000 00350nam a2200145Ia 4500
008 150201s2007 xx 000 0 und d
082 _a617.3
_bE07T
100 _aTHAKUR , ANAND J.
245 _aTHE ELEMENTS OF FRACTURE FIAITION
250 _a2ND
260 _bELSEVIER
_aINDIA
_c2007
300 _a1-326
650 _aORTHOPEDICS
942 _2ddc
_cBK
999 _c1493
_d1493